LEADER 01001nam 2200349 450 001 9910317583603321 005 20221018150040.0 010 $a953-51-7021-X 035 $a(CKB)4970000000098248 035 $a(NjHacI)994970000000098248 035 $a(EXLCZ)994970000000098248 100 $a20221018d2012 uy 0 101 0 $aeng 135 $aur||||||||||| 181 $ctxt$2rdacontent 182 $cc$2rdamedia 183 $acr$2rdacarrier 200 00$aNeuromuscular Disorders /$fedited by Ashraf Zaher 210 1$aLondon, England :$cIntechOpen,$d2012. 215 $a1 online resource (286 pages) $cillustrations 311 $a953-51-0696-1 320 $aIncludes bibliographical references. 606 $aNeuromuscular diseases 615 0$aNeuromuscular diseases. 676 $a616.744 702 $aZaher$b Ashraf 801 0$bNjHacI 801 1$bNjHacl 906 $aBOOK 912 $a9910317583603321 996 $aNeuromuscular Disorders$91751163 997 $aUNINA